00475nam a2200169Ia 4500003000400000005001700004008004100021020003000062040001700092082002200109100002500131245006100156250001600217260003000233300001300263650002900276IIN20240124131228.0231217s9999 xx 000 0 und d cRs.1795.00a9780323757331 aIINbEnglish a615.1 bSKI1 aSkidmore-Roth,Linda 1 aMosby's 2023 Nursing Drug ReferencecLinda Skidmore-Roth a6th S. A.ed bElsevieraNew Delhic2023 ax,1490p.1 aDrug vNursing Reference